Бюджетирование: шаг за шагом

Chi tiết về thư mục
Tác giả khác: Добровольский Е. Ю. Евгений Юрьевич, Карабанов Б. М. Борис Максимилианович, Боровков П. С. Павел Сергеевич, Глухов Е. В. Евгений Викторович, Бреслав Е. П. Елена Петровна
Tóm tắt:Эта книга — дополненное издание лучшего российского руководства по постановке бюджетного управления. Технология описана настолько детально, что, следуя рецептам, изложенным в книге, вы гарантированно получите работающую систему бюджетирования на своем предприятии. Материал представлен в виде пошагового руководства и включает в себя максимально практичные управленческие инструменты. Второе издание содержит показательные примеры из проектного опыта международной консалтинговой компании «ИНТАЛЕВ», руководителями которой являются авторы книги. Включены интервью и ссылки на видеорассказы топ-менеджеров известных отечественных предприятий об их личном опыте выстраивания системы финансового управления. Книга адресована специалистам, которым необходимо самостоятельно провести на своем предприятии часть этапов постановки бюджетного управления.
Ngôn ngữ:Tiếng Nga
Được phát hành: СПб., Питер, 2010
Phiên bản:2-е изд., доп.
Loạt:Технология вашего успеха
Những chủ đề:
Định dạng: Sách
KOHA link:https://koha.lib.tpu.ru/cgi-bin/koha/opac-detail.pl?biblionumber=182885

MARC

LEADER 00000nam0a2200000 4500
001 182885
005 20231101223725.0
010 |a 9785498077130 
035 |a (RuTPU)RU\TPU\book\198254 
035 |a RU\TPU\book\109175 
035 |a RU\TPU\book\172394 
035 |a RU\TPU\book\171240 
090 |a 182885 
100 |a 20060908d2010 km y0rusy50 ca 
101 0 |a rus 
102 |a RU 
105 |a a z 000zy 
200 1 |a Бюджетирование: шаг за шагом  |f Е. Ю. Добровольский [и др.] 
205 |a 2-е изд., доп. 
210 |a СПб.  |c Питер  |d 2010 
215 |a 480 с.  |c ил. 
225 1 |a Технология вашего успеха 
330 |a Эта книга — дополненное издание лучшего российского руководства по постановке бюджетного управления. Технология описана настолько детально, что, следуя рецептам, изложенным в книге, вы гарантированно получите работающую систему бюджетирования на своем предприятии. Материал представлен в виде пошагового руководства и включает в себя максимально практичные управленческие инструменты. Второе издание содержит показательные примеры из проектного опыта международной консалтинговой компании «ИНТАЛЕВ», руководителями которой являются авторы книги. Включены интервью и ссылки на видеорассказы топ-менеджеров известных отечественных предприятий об их личном опыте выстраивания системы финансового управления. Книга адресована специалистам, которым необходимо самостоятельно провести на своем предприятии часть этапов постановки бюджетного управления. 
606 1 |a Предприятия  |x Бюджетирование  |2 stltpush  |3 (RuTPU)RU\TPU\subj\68355  |9 83744 
610 1 |a экономика 
610 1 |a управление 
610 1 |a бюджетное управление 
610 1 |a структуры 
610 1 |a циклы 
610 1 |a финансовая структура 
610 1 |a формирование 
610 1 |a практикумы 
610 1 |a регламентация 
610 1 |a положения 
610 1 |a планирование 
610 1 |a прогнозирование 
610 1 |a бюджеты 
610 1 |a анализ 
610 1 |a производственно-финансовая деятельность 
610 1 |a управленческий учет 
610 1 |a стратегическое управление 
686 |a У9(2)29-26  |v LBC/SL-A  |2 rubbk 
701 1 |a Добровольский  |b Е. Ю.  |g Евгений Юрьевич 
701 1 |a Карабанов  |b Б. М.  |g Борис Максимилианович 
701 1 |a Боровков  |b П. С.  |g Павел Сергеевич 
701 1 |a Глухов  |b Е. В.  |g Евгений Викторович 
701 1 |a Бреслав  |b Е. П.  |g Елена Петровна 
801 1 |a RU  |b 63413507  |c 20100628 
801 2 |a RU  |b 63413507  |c 20130325  |g RCR 
900 |a Бюджетное планирование и налоговая система 
942 |c BK 
959 |a 46/20100628  |d 1  |e 223,00  |f ЧЗГЛ:1